Széchényi Ferenc és Csehország : levelestár /
Uložené v:
| Hlavný autor: | |
|---|---|
| Médium: | Kniha |
| Jazyk: | Hungarian Czech |
| Vydané: |
Budapest :
Országos Széchény Könyvtár : Gondolat Kiadó,
2003
|
| Vydanie: | [1. vyd.] |
| Edícia: | Nemzeti téka
|
| Témy: | |
| ISBN: |
9632004647 (brož.) |
| Fyzický popis: |
233 s. ; 20 cm |
| Tagy: |
Pridať tag
Žiadne tagy, Buďte prvý kto otaguje tento záznam!
|
Titul je dostupný aj v ... 

MARC
| LEADER | 00000nam a2200000 a 4500 | ||
|---|---|---|---|
| 001 | 000000481 | ||
| 005 | 20040524112656.0 | ||
| 008 | 040524s2003 hu e 000 0 huno | ||
| 020 | |a 9632004647 (brož.) | ||
| 040 | |a SVKKK |b slo |c SVKKK |e AACR2 | ||
| 041 | 0 | |a hun |a cze | |
| 044 | |a hu |c HU | ||
| 072 | 7 | |a 929 |x Biografie |2 konspekt | |
| 080 | |a 929 |2 1997 | ||
| 080 | |a 327 |2 1997 | ||
| 080 | |a (437.3) |2 1997 | ||
| 080 | |a (439) |2 1997 | ||
| 080 | |a (044) |2 1997 | ||
| 100 | 1 | |a Pražák, Richard |4 aut | |
| 245 | 1 | 0 | |a Széchényi Ferenc és Csehország : |b levelestár / |c válogatta és a bevezető tanulmányt írta Richard Pražák |
| 250 | |a [1. vyd.] | ||
| 260 | |a Budapest : |b Országos Széchény Könyvtár : |b Gondolat Kiadó, |c 2003 | ||
| 300 | |a 233 s. ; |c 20 cm | ||
| 440 | 0 | |a Nemzeti téka | |
| 504 | |a Obsahuje poznámky | ||
| 600 | 1 | 7 | |a Széchényi, Ferenc, |d 1754-1820 |2 SVKKKMA |
| 650 | 0 | 7 | |a maďarsko-české vzťahy |2 SVKKKPH |
| 655 | 7 | |a korešpondencia |2 SVKKKPH | |
| 655 | 7 | |a biografie |2 SVKKKPH | |
| 919 | |a 963-200-464-7 | ||
| 998 | |a BK | ||
| 090 | |g SCKHL |k Sklad Pribinova 2. posch. |a III.196308 |j 959907 |i 2720022093 |s Absenčne | ||